000 00284nam a2200097Ia 4500
001 1201798
005 20250827022638.0
008 250824s9999 xx 000 0 und d
245 0 _aDİNİ TERİMLER SÖZLÜĞÜ
_cAHMET NEDİM SERİNSU
260 _bMİLLİ EĞİTİM BAKANLIĞI YAYINLARI
999 _c1201798
_d1201798